Basic data on higher education, 1994 (Record no. 133316)

MARC details
000 -CABECERA
campo de control de longitud fija 00648nam a2200193 a 4500
005 - FECHA Y HORA DE LA ÚLTIMA TRANSACCIÓN
campo de control 20210219160228.0
008 - ELEMENTOS DE LONGITUD FIJA--INFORMACIÓN GENERAL
campo de control de longitud fija 080926s2000 mx r 000 0 spa d
020 ## - NÚMERO INTERNACIONAL NORMALIZADO PARA LIBROS
Número Internacional Estándar del Libro 9682950597
035 ## - NÚMERO DE CONTROL DEL SISTEMA
Número de control de sistema UPN01000161203
049 ## - COLECCIÓN
Colección UNE
080 ## - NÚMERO DE CLASIFICACIÓN DECIMAL UNIVERSAL
Número de la Clasificación Decimal Universal OC 31:378 (72) =20 "1994" DAT.
245 00 - MENCIÓN DE TÍTULO
Título Basic data on higher education, 1994
260 ## - PUBLICACIÓN, DISTRIBUCIÓN, ETC.
Lugar de publicación, distribución, etc. México : SEP : ANUIES, 1994.
300 ## - DESCRIPCIÓN FÍSICA
Extensión 179 p.; 17 x 11 cm. il., fot.
690 ## - PUNTO DE ACCESO ADICIONAL DE MATERIA LOCAL--TÉRMINO DE MATERIA (OCLC, RLIN)
Término de materia o nombre geográfico como elemento inicial Estadisticas educacionales- Enseñanza superior- Mexico
690 ## - PUNTO DE ACCESO ADICIONAL DE MATERIA LOCAL--TÉRMINO DE MATERIA (OCLC, RLIN)
Término de materia o nombre geográfico como elemento inicial Enseñanza superior- Estadisticas educacionales- Mexico
690 ## - PUNTO DE ACCESO ADICIONAL DE MATERIA LOCAL--TÉRMINO DE MATERIA (OCLC, RLIN)
Término de materia o nombre geográfico como elemento inicial Mexico- Estadisticas educacionales- Enseñanza superior
905 ## - TIPO DE MATERIAL
Tipo de material UNESCO

No items available.